Família i poder a Catalunya, 1516-1626 : les estratègies de consolidació de la classe dirigent / María Adela Fargas Peñarrocha les estratègies de consolidació de la classe dirigent / María Adela Fargas Peñarrocha
Descripción Física:
495 p. ; 24 cm
Colección:
Estudis ; 14
Otros Autores:
Fundació Noguera
MARC
| LEADER | 00000nam a2200000Ia 4500 | ||
|---|---|---|---|
| 001 | 11975 | ||
| 008 | 160829s1997 xx 000 0 cat d | ||
| 080 | |a H-1-261 | ||
| 100 | |a Fargas Peñarrocha, María Adela |9 24462 | ||
| 245 | |a Família i poder a Catalunya, 1516-1626 : |b les estratègies de consolidació de la classe dirigent / María Adela Fargas Peñarrocha | ||
| 260 | |a Barcelona : |b Fundació Noguera ; Lleida : |b Pagès, |c 1997 | ||
| 300 | |a 495 p. ; |c 24 cm | ||
| 490 | |a Estudis ; 14 | ||
| 650 | |a Família |x Catalunya |x Història |9 24463 | ||
| 650 | |a Elit |x Catalunya |x Història |9 24464 | ||
| 650 | |a Catalunya |x Història |x 1516/1700, Casa d'Àustria |9 24465 | ||
| 700 | |a Fundació Noguera |9 70407 | ||
| 901 | |a Arxiu | ||
| 942 | |n 1 | ||
| 952 | |0 0 |1 0 |4 0 |6 H1261 |7 1 |9 43167 |a Arxiu |b Arxiu |d 2016-12-01 |l 0 |o H-1-261 |p 11975 |r 2016-12-01 00:00:00 |w 2016-12-01 |y ARXIU | ||
| 999 | |c 45711 |d 45711 | ||